LEADER 01253nam0-2200445---450- 001 990003171700403321 005 20070719143011.0 035 $a000317170 035 $aFED01000317170 035 $a(Aleph)000317170FED01 035 $a000317170 100 $a20030910d1965----km-y0itay50------ba 101 0 $aita 102 $aIT 105 $ay-------001yy 200 1 $aPsychologie sociale$etextes fondamentaux anglais et américains$fchoisis, présentés et traduits par André Lévy$gpréface de O. Klineberg et J. Stoetzel 210 $aParis$cDunod$d1965 215 $aXIII, 565 p.$d25 cm 225 1 $aOrganisation et sciences humaines 610 0 $aPsicologia sociale 676 $a302$v21$zita 676 $a12200 676 $a12310 676 $a12320 676 $a12340 676 $a12410 676 $a14230 676 $a14260 702 1$aLévy,$bAndré 702 1$aKlineberg,$bOtto$f<1899-1992> 702 1$aStoetzel,$bJean$f<1910-1987> 801 0$aIT$bUNINA$gRICA$2UNIMARC 901 $aBK 912 $a990003171700403321 952 $a12110 LEV$b036738$fSES 952 $a302 LEV 1$bIst. psic. 2284$fFLFBC 959 $aSES 959 $aFLFBC 996 $aPsychologie sociale$958227 997 $aUNINA LEADER 00949nam a2200277 i 4500 001 991000900099707536 005 20020507102954.0 008 951128s1967 us ||| | eng 035 $ab10145564-39ule_inst 035 $aLE00638828$9ExL 040 $aDip.to Fisica$bita 084 $a53.1.65 084 $a510.60 084 $aQC183.N467 100 1 $aNelson, E.$0346946 245 10$aDynamical theories of brownian motion /$cE. Nelson 260 $aPrinceton, NJ :$bPrinceton University Press,$cc1967 300 $a142 p. :$bill. ;$c24 cm 500 $aIncludes bibliographies 650 4$aBrownian movements 907 $a.b10145564$b21-09-06$c27-06-02 912 $a991000900099707536 945 $aLE006 53.1.65 NEL$g1$i2006000044455$lle006$o-$pE0.00$q-$rl$s- $t0$u0$v0$w0$x0$y.i10173195$z27-06-02 996 $aDynamical theories of brownian motion$9186182 997 $aUNISALENTO 998 $ale006$b01-01-95$cm$da $e-$feng$gus $h0$i1 LEADER 01638oam 2200505M 450 001 9910715724603321 005 20191123062007.2 035 $a(CKB)5470000002514831 035 $a(OCoLC)1065561605 035 $a(OCoLC)995470000002514831 035 $a(EXLCZ)995470000002514831 100 $a20070221d1854 ua 0 101 0 $aeng 135 $aurcn||||||||| 181 $ctxt$2rdacontent 182 $cc$2rdamedia 183 $acr$2rdacarrier 200 10$aBetsey Nash. (To accompany Bill H.R. No. 380.) June 10, 1854 210 1$a[Washington, D.C.] :$c[publisher not identified],$d1854. 215 $a1 online resource (2 pages) 225 1 $aHouse report / 33rd Congress, 1st session. House ;$vno. 160 225 1 $a[United States congressional serial set ] ;$v[serial no. 743] 300 $aBatch processed record: Metadata reviewed, not verified. Some fields updated by batch processes. 300 $aFDLP item number not assigned. 517 $aBetsey Nash. 606 $aClaims 606 $aMilitary pensions 606 $aSurgeons 606 $aDisabled veterans 607 $aUnited States$xHistory$yWar of 1812 608 $aLegislative materials.$2lcgft 615 0$aClaims. 615 0$aMilitary pensions. 615 0$aSurgeons. 615 0$aDisabled veterans. 701 $aVail$b George$f1809-1875$pDemocrat (NJ)$01390111 801 0$bWYU 801 1$bWYU 801 2$bOCLCQ 801 2$bOCLCO 801 2$bOCLCQ 906 $aBOOK 912 $a9910715724603321 996 $aBetsey Nash. (To accompany Bill H.R. No. 380.) June 10, 1854$93467513 997 $aUNINA LEADER 03899nam 22005655 450 001 9910800111503321 005 20251008153608.0 010 $a9789819978106$b(electronic bk.) 010 $a9819978106$b(electronic bk.) 024 7 $a10.1007/978-981-99-7810-6 035 $a(OCoLC)1418942762 035 $a(CKB)30005861000041 035 $a(MiAaPQ)EBC31072102 035 $a(DE-He213)978-981-99-7810-6 035 $a(EXLCZ)9930005861000041 100 $a20240116d2023 u| 0 101 0 $aeng 135 $auraz#---auuuu 181 $ctxt$2rdacontent 182 $cc$2rdamedia 183 $acr$2rdacarrier 200 10$aAmerican Monetary Policy Adjustment and Its Impacts /$fby Liu Weiping 205 $a1st ed. 2023. 210 1$aSingapore :$cSpringer Nature Singapore :$cImprint: Palgrave Macmillan,$d2023. 215 $a1 online resource (xxxviii, 431 pages) $cillustrations (some color) 311 08$a9789819978090 320 $aIncludes bibliographical references and index. 327 $aPart 1: Problems, Theories and Analyses -- Chapter 1: Introduction -- Chapter 2: Theories Related to Monetary Policy and Its Adjustment -- Chapter 3: A Walk-Through and Analysis of U.S. Monetary Policy -- Part 2: Impact of U.S. Monetary Policy Adjustments -- Chapter 4: Direct Impact of U.S. Monetary Policy Adjustments on International Monetary Policy -- Chapter 5: Effects of U.S. Monetary Policy Adjustments on the World Economy -- Chapter 6: Impact of U.S. Monetary Policy Adjustments on China's Economy -- Chapter 7: Impact of U.S. Interest Rate Cuts and Tariffs on China's Economy -- Chapter 8: Dollarization and Monetary Policy Spillovers -- Chapter 9: Impact of Continued U.S. Interest Rate Hikes on the RMB Exchange Rate and China's Countermeasures -- Part 3: China's Strategic Choices -- Chapter 10: China's Strategic Choices for Monetary Policy and Economic Adjustment -- Chapter 11: China's Economic Adjustment and Rebalancing: Challenges and Strategies -- Chapter 12: Global Financial Changes and China's Monetary Policy in the New Era. . 330 $aThis book reviews the historical evolution of U.S. monetary policy, and then uses various methods such as mathematical models and econometric analysis to study the impact of U.S. monetary policy adjustments on the domestic economy and the spillover effects on the world economy. Finally, it summarizes the challenges faced by the Chinese economy in the post-financial crisis era and proposes relevant countermea­sures and suggestions for China to respond to U.S. monetary policy adjustments. Liu Weiping, born in Changsha, Hunan province, is a researcher with China Develo­pment Bank. He holds a Ph.D. in law from the Department of Sociology, Tsinghua University, presides over Professor John L. Thornton?s Global Leadership Program, and holds a M.A. in management; he holds a Ph.D. in economics and a B.A. from and is a dual-employed professor of law and economics at the Department of World Economics, Wuhan University; he is a visiting scholar and researcher at the MIT Sloan School of Management and School of History. 606 $aMacroeconomics 606 $aInternational economic relations 606 $aEconomics 606 $aMacroeconomics and Monetary Economics 606 $aInternational Economics 606 $aPolitical Economy and Economic Systems 615 0$aMacroeconomics. 615 0$aInternational economic relations. 615 0$aEconomics. 615 14$aMacroeconomics and Monetary Economics. 615 24$aInternational Economics. 615 24$aPolitical Economy and Economic Systems. 676 $a332.4973 700 $aWeiping$b Liu$01063782 801 0$bMiAaPQ 801 1$bMiAaPQ 801 2$bMiAaPQ 906 $aBOOK 912 $a9910800111503321 996 $aAmerican Monetary Policy Adjustment and Its Impacts$93876744 997 $aUNINA